Riconosci il Pokémon - Quiz n°156 - Statistics

Statistiche generali
  • Questo quiz è stato fatto 1 volte
  • Il punteggio medio è 3 su 10
Statistiche sulle risposte
Indizio Risposta % Corretto
Tipo Ghiaccio
100%
Stadio evoluzione Prima evoluzione
100%
Generazione Quarta
100%
Altezza 0,8 m
0%
Peso 25,9 kg
0%
Tasso di cattura 45 (11.9%)
0%
Sesso 87.5% ♂, 12.5% ♀
0%
Pokémon Glaceon
0%
Abilità Mantelneve; Corpogelo
0%
Tasso di allevamento Medio-Veloce
0%
Nessun quiz corrispondente trovato
Distribuzione punteggi
Percentuale di utenti per punteggio
Percentile per numero di risposta
I tuoi punteggi nel tempo
Non hai fatto questo quiz